| 000 | 01013nam a22002897a 4500 | ||
|---|---|---|---|
| 003 | EG-ScBUE | ||
| 005 | 20211017130638.0 | ||
| 008 | 200219s2019 cc f 000 0 eng d | ||
| 020 | _a9787119119250 | ||
| 040 |
_aEG-ScBUE _beng _erda _cEG-ScBUE _dEG-ScBUE |
||
| 082 | 0 | 4 |
_a355.033251 _bCHI _222 |
| 110 | 1 |
_aChina. _bState Council Information Office, _eauthor. |
|
| 245 | 1 | 0 |
_aChina's national defense in the new era / _cThe State Council Information Office of The People's Republic of China. |
| 250 | _aFirst edition. | ||
| 264 | 1 |
_aBeijing, China : _bForeign Languages Press, _c2019. |
|
| 300 |
_a69 pages ; _c24 cm |
||
| 336 |
_2rdacontent _atext _btxt |
||
| 337 |
_2rdamedia _aunmediated _bn |
||
| 338 |
_2rdacarrier _avolume _bnc |
||
| 650 | 7 |
_aNational security _zChina. _2BUEsh |
|
| 650 | 7 |
_aSecurity, International _zChina. _2BUEsh |
|
| 651 | 7 |
_aChina _xMilitary policy. _2BUEsh |
|
| 653 |
_bGGEN _cOctober2021 |
||
| 655 |
_vReading book _934232 |
||
| 942 |
_2ddc _cBB |
||
| 999 |
_c29597 _d29568 |
||